Formación de profesorado en educación física
Guardat en:
| Autors principals: | , , |
|---|---|
| Format: | Llibre |
| Idioma: | espanyol |
| Publicat: |
Huelva
Universidad de Huelva
1998
|
| Edició: | 1a. ed |
| Matèries: | |
| Etiquetes: |
Afegir etiqueta
Sense etiquetes, Sigues el primer a etiquetar aquest registre!
|
MARC
| LEADER | 00000cam a2200000 a 4500 | ||
|---|---|---|---|
| 001 | UCC3199 | ||
| 003 | CL-VaPUC | ||
| 008 | 180422e19980000sp |||||||||||||||||spa|d | ||
| 020 | |a 8495089009 | ||
| 082 | 0 | 4 | |a 378.01 |b SIE |2 21 |
| 100 | 0 | |a Sierra Robles, Angela |e author |9 597228 | |
| 700 | 0 | |a Tierra Orta, José |e author |9 597229 | |
| 700 | 0 | |a Díaz Trillo, Manuel |e author |9 597230 | |
| 245 | 1 | 0 | |a Formación de profesorado en educación física |
| 250 | |a 1a. ed | ||
| 300 | |a 244 p | ||
| 942 | |c BK | ||
| 945 | |d 20180422 17:11:00 |a arojas | ||
| 260 | |a Huelva |b Universidad de Huelva |c 1998 | ||
| 650 | 0 | |a Formación de profesores |9 338945 | |
| 650 | 0 | |a Educación física |9 240893 | |
| 650 | 0 | |a Educación superior |9 223851 | |
| 650 | 7 | |a PROFESORES DE EDUCACION FISICA |2 CL-VaPUC |9 597231 | |
| 583 | |a last modification |c 20180422 17:11:00 |k Rodrigo Vera | ||
| 999 | |c 371005 |d 371003 | ||
| 952 | |0 0 |1 0 |3 erb |4 0 |6 378_010000000000000_SIE_1998 |7 0 |8 A |9 487840 |a BIBEDU |b BIBEDU |i 5465168 |o 378.01 SIE 1998 |p 5465168 |r 2019-11-24 |w 2019-11-24 |y BK |z Catalogado en:20180422 |k EFI | ||